000 00687nam a2200253Ia 4500
005 20260306145441.0
008 008 260114s9999 xx 000 0 eng d
020 _a9780231548212
037 _aEbook
040 _aCRL
040 _beng
040 _cCRL
041 _2eng
041 _aeng
084 _qCRL
100 _aO’Meally, Robert G.
_91123753
245 0 _aAntagonistic cooperation : jazz, collage, fiction, and the shaping of African American culture
260 _bColumbia University Press (CUP)
260 _c2022
650 _aLiterary Studies
856 _uhttps://www.degruyter.com/isbn/9780231548212
942 _cEBOOK
999 _c1688586
_d1688586